| 000 | 00972nam a2200241 a 4500 | ||
|---|---|---|---|
| 001 | 000038451 | ||
| 003 | DO-SdBNP | ||
| 005 | 20250422190738.0 | ||
| 007 | ta | ||
| 008 | 130411s2003 dr r 000 0 spa d | ||
| 040 |
_aDO-SdBNP _bspa _cBNPHU |
||
| 082 | 4 |
_a347.05 _bR426m _222 |
|
| 110 | 1 |
_aRepública Dominicana. _bSuprema Corte de Justicia _97906 |
|
| 240 | 1 | 0 | _a[Leyes, etc.] |
| 245 | 1 | 0 |
_aMedidas anticipadas a la vigencia del nuevo código procesal penal : _bSuprema Corte de Justicia (resolución 1920-2003, procuraduría general de la República resolución no. 14786-2003. |
| 260 |
_aSanto Domingo : _bFudación Institucionalidad y Justicia (FINJUS), _c2003. |
||
| 300 |
_a76 p. ; _c22 cm. |
||
| 650 | 4 |
_aDerecho penal _xLegislación _zRepública Dominicana _916570 |
|
| 650 | 4 |
_aProcedimiento penal _zRepública Dominicana _914474 |
|
| 650 | 4 |
_aLeyes _zRepública Dominicana _93033 |
|
| 710 | 1 |
_aFundación Institucionalidad y Justicia _919649 |
|
| 942 |
_2ddc _cLBS1 |
||
| 999 |
_c37941 _d37941 |
||